แสดงรายละเอียดบรรณานุกรม
  กลับหน้าหลัก

Brief Record : Get Marc (ISO 2709) : E-mail record : QR code ปิดหน้าต่าง
E-books : เกี่ยวกับ Collections
LEADER 00000nam 2200000uu 4500
001    213874
003     ULIBM
008    020711s2563 th a 000 0 tha d
041    ^atha
050  4 ู^aHV5770.T5 ถ291 2563
245    ถอดบทเรียนสถาบันอุดมศึกษาปลอดบุหรี่:^bการปฏิบัติตาม พ.ร.บ. ควบคุมผลิตภัณฑ์ยาสูบ พ.ศ.2560 และกฎหมายที่เกี่ยวกับบุหรี่ไฟฟ้า/^cโครงการพัฒนาสถาบันอุดมศึกษาปลอดบุหรี่ เพื่อสุขภาวะ
260    กรุงเทพฯ :^bโครงการพัฒนาสถาบันอุดมศึกษาปลอดบุหรี่ เพื่อสุขภาวะ,^c2563
300    139 หน้า :^bภาพประกอบ ;^c21 ซม.
650  4 ^aการสูบบุหรี่|xการป้องกันและควบคุม.
650  4 ^aการสูบบุหรี่.
650  4 ^aยาสูบ|xกฎหมายและระเบียบข้อบังคับ.
710 2  ^aโครงการพัฒนาสถาบันอุดมศึกษาปลอดบุหรี่ เพื่อสุขภาวะ
999    ^aใช้งานได้ทุกระบบ
รายการนี้ยังไม่มีแท็ก
คุณยังไม่ได้ล็อกอิน คุณสามารถมีกิจกรรมร่วมกับเว็บไซต์ได้ แต่ต้องล็อกอินก่อน ::
  ล็อกอิน
ลำดับที่ ประเภท เลขเรียก สถานที่ สถานะ
1. หนังสือทั่วไป
หนังสือทั่วไป
ู HV5770.T5 ถ291 2563 ฉ.1 
  
หนังสือทั่วไป On Shelf
  ขอยืม
   [แสดง 1/1 รายการ]

รายการใกล้เคียง
    หัวเรื่อง [การสูบบุหรี่.]

BibComment


ยังไม่เคยถูกคอมเมนท์

คอมเมนท์ทรัพยากรรายการนี้
  คอมเมนท์: ถอดบทเรียนสถาบันอ..
Bib 213874

 
 
 

 Union Library Management : ULibM
Copyright 2026. All Rights Reserved.
скачать бесплатно без регистрации порно красивый секс HD Sex Hindi sex

xxx gou

xxxx

bfxxx

xxxwww

Секса Видео

xxxx

Секса Видео

detube

geilexxx

C99 Shell

worms shell

blod xxx video
Ebony Coed Rihanna Rimes Takes A Dick In Her Young Twat priyaa indian fuck anal and pusssy hardcore indian women xxx desi hardcore fucking part 1 bengalixxxcouple